[Event "Rhodes Summer Cup"]
[Site "Rhodes"]
[Date "2023.08.27"]
[Round "7"]
[White "Van Wissen, Michiel"]
[Black "Milner, Romi"]
[Result "1-0"]
[WhiteElo "2272"]
[BlackElo "1678"]
[PlyCount "51"]
[EventDate "2023.08.21"]
[EventType "swiss"]
[EventRounds "9"]
[EventCountry "GRE"]
[SourceTitle "CBM 215 Extra"]
[Source "ChessBase"]
[SourceDate "2023.09.30"]
[SourceVersion "1"]
[SourceVersionDate "2023.09.30"]
[SourceQuality "1"]

1. e4 e5 2. Nf3 Nc6 3. Bc4 Bc5 4. c3 Nf6 5. d4 exd4 6. e5 d5 7. Bb5 Ne4 8. cxd4 Bb6 9. Nc3 0-0 10. Be3 Ne7 11. Bd3 Bf5 12. 0-0 Bg6 13. Nh4 Nxc3 14. bxc3 Be4 15. Bxe4 dxe4 16. Qg4 Qd5 17. Bh6 Ng6 18. Nf5 Qe6 19. Bxg7 Rfe8 20. Bf6 Qc8 21. d5 Bc5 22. h4 Bf8 23. h5 c6 24. Qg5 Bc5 25. Nd6 Bxd6 26. exd6 1-0

[Event "Leiden SB-ch 1819"]
[Site "Leiden"]
[Date "2019.04.26"]
[Round "7"]
[White "Van Wissen, Michiel"]
[Black "Salomons, Quinten"]
[Result "1/2-1/2"]
[WhiteElo "2242"]
[BlackElo "1741"]
[PlyCount "91"]
[EventDate "2018.10.19"]
[EventType "swiss"]
[EventRounds "9"]
[EventCountry "NED"]
[SourceTitle "EXT 2023"]
[Source "ChessBase"]
[SourceDate "2022.10.05"]
[SourceVersion "1"]
[SourceVersionDate "2022.10.05"]
[SourceQuality "1"]

1. e4 c5 2. Nf3 d6 3. Bb5+ Nd7 4. 0-0 g6 5. c3 a6 6. Ba4 b5 7. Bc2 Bg7 8. d4 Bb7 9. Re1 Ngf6 10. e5 dxe5 11. dxe5 Nd5 12. e6 fxe6 13. Ng5 0-0 14. Nxe6 Qb6 15. Nxf8 Rxf8 16. Qg4 Ne5 17. Qg3 c4 18. Be3 Nxe3 19. Qxe3 Qf6 20. f4 Ng4 21. Qe6+ Qxe6 22. Rxe6 Rxf4 23. Rxe7 Bf8 24. Re8 Kf7 25. Rxf8+ Kxf8 26. Nd2 Rf2 27. Rf1 Rxf1+ 28. Nxf1 Ke7 29. h3 Nf6 30. Kf2 Kd6 31. Nd2 a5 32. a4 Kc5 33. axb5 Kxb5 34. Nf3 Kc5 35. Nd4 Kd5 36. Ke3 Ke5 37. Nf3+ Bxf3 38. Kxf3 Nd5 39. h4 Ne7 40. g3 Nf5 41. Bxf5 Kxf5 42. g4+ Ke5 43. Ke3 h6 44. Kf3 g5 45. hxg5 hxg5 46. Ke3 1/2-1/2

[Event "Leiden Noteboom Memorial 79th"]
[Site "Leiden"]
[Date "2019.02.23"]
[Round "3"]
[White "Hommes, Elmar"]
[Black "Van Wissen, Michiel"]
[Result "0-1"]
[WhiteElo "2093"]
[BlackElo "2264"]
[PlyCount "74"]
[EventDate "2019.02.22"]
[EventType "swiss"]
[EventRounds "6"]
[EventCountry "NED"]
[SourceTitle "CBM 189 Extra"]
[Source "ChessBase"]
[SourceDate "2019.06.03"]
[SourceVersion "1"]
[SourceVersionDate "2019.06.03"]
[SourceQuality "1"]

1. Nf3 Nf6 2. d4 c5 3. c4 cxd4 4. Nxd4 e5 5. Nb5 d5 6. cxd5 Bc5 7. N5c3 0-0 8. e3 e4 9. Be2 Re8 10. 0-0 Bf5 11. a3 a6 12. b4 Bd6 13. Qb3 Nbd7 14. Nd2 Ne5 15. Bb2 Rc8 16. Rac1 Nd3 17. Bxd3 exd3 18. e4 Bf4 19. exf5 Bxd2 20. Rcd1 Bxc3 21. Bxc3 Qxd5 22. Qxd5 Nxd5 23. Bd4 Rc4 24. Rxd3 Nf4 25. Re3 Rec8 26. Bc5 b6 27. Bxb6 Nd5 28. Bc5 Nxe3 29. fxe3 Rc3 30. a4 Rc2 31. a5 Rd8 32. Bd4 Rdc8 33. Rd1 h5 34. Bb6 Kh7 35. Rd7 R8c4 36. Bd4 Ra2 37. h4 Rcc2 0-1

[Event "Leiden SB-chA"]
[Site "Leiden"]
[Date "2014.06.10"]
[Round "5"]
[White "Van Wissen, Michiel"]
[Black "Wantola, Ivo"]
[Result "1-0"]
[WhiteElo "2248"]
[BlackElo "2366"]
[PlyCount "87"]
[EventDate "2014.05.13"]
[EventType "swiss"]
[EventRounds "7"]
[EventCountry "NED"]
[SourceTitle "EXT 2015"]
[Source "ChessBase"]
[SourceDate "2014.11.20"]
[SourceVersion "1"]
[SourceVersionDate "2014.11.20"]
[SourceQuality "1"]

1. e4 c6 2. d4 d5 3. e5 Bf5 4. Nf3 e6 5. Be2 Nd7 6. 0-0 Ne7 7. Be3 Bg4 8. c3 Nf5 9. Bf4 Be7 10. h3 Bxf3 11. Bxf3 0-0 12. Bg4 Re8 13. Qd3 g6 14. Nd2 c5 15. dxc5 Nxc5 16. Qe2 Bg5 17. Bh2 Qb6 18. Nf3 Bh6 19. Bxf5 exf5 20. Rad1 Rad8 21. Nd4 Bg7 22. f4 f6 23. Kh1 a6 24. c4 fxe5 25. fxe5 Ne4 26. Nf3 Qc6 27. cxd5 Rxd5 28. Rc1 Rc5 29. Rxc5 Qxc5 30. g4 Qd5 31. gxf5 gxf5 32. Qg2 Kh8 33. Nh4 Rg8 34. Nxf5 Bf8 35. Qf3 Bc5 36. Bf4 Qc4 37. b3 Qc2 38. Be3 Bxe3 39. Nxe3 Qd3 40. Rd1 Ng3+ 41. Kh2 Qg6 42. Rg1 Rd8 43. Rxg3 Rd2+ 44. Rg2 1-0

[Event "Leiden SB-chA"]
[Site "Leiden"]
[Date "2014.06.03"]
[Round "4"]
[White "Van der Zon, Stef"]
[Black "Van Wissen, Michiel"]
[Result "0-1"]
[WhiteElo "2168"]
[BlackElo "2248"]
[PlyCount "58"]
[EventDate "2014.05.13"]
[EventType "swiss"]
[EventRounds "7"]
[EventCountry "NED"]
[SourceTitle "EXT 2015"]
[Source "ChessBase"]
[SourceDate "2014.11.20"]
[SourceVersion "1"]
[SourceVersionDate "2014.11.20"]
[SourceQuality "1"]

1. e4 e6 2. d4 d5 3. Nd2 Be7 4. Bd3 c5 5. dxc5 Nf6 6. Qe2 0-0 7. Ngf3 Nc6 8. 0-0 Nb4 9. Nb3 a5 10. a4 b6 11. e5 Nd7 12. cxb6 Nxd3 13. cxd3 Qxb6 14. Qc2 Rb8 15. Nbd4 Bc5 16. Nb5 Ba6 17. d4 Bb4 18. Ng5 g6 19. Qd3 Bxb5 20. axb5 Qxb5 21. Qh3 h5 22. g4 Qe2 23. f3 Rbc8 24. gxh5 Rxc1 25. hxg6 Qxf1+ 26. Qxf1 Rxf1+ 27. Rxf1 fxg6 28. Nxe6 Rc8 29. Nf4 Rc4 0-1

[Event "Leiden SB-chA"]
[Site "Leiden"]
[Date "2014.05.27"]
[Round "3"]
[White "Van Wissen, Michiel"]
[Black "Van de Peut, Aart A"]
[Result "1-0"]
[WhiteElo "2248"]
[BlackElo "1911"]
[PlyCount "109"]
[EventDate "2014.05.13"]
[EventType "swiss"]
[EventRounds "7"]
[EventCountry "NED"]
[SourceTitle "EXT 2015"]
[Source "ChessBase"]
[SourceDate "2014.11.20"]
[SourceVersion "1"]
[SourceVersionDate "2014.11.20"]
[SourceQuality "1"]

1. e4 e6 2. d4 d5 3. Nc3 Bb4 4. e5 Ne7 5. a3 Bxc3+ 6. bxc3 c5 7. Qg4 Qc7 8. Bd3 cxd4 9. Ne2 Nbc6 10. cxd4 Bd7 11. 0-0 0-0-0 12. Qxg7 Rhg8 13. Qh6 Ng6 14. Bg5 Rde8 15. h4 Nce7 16. h5 Nf8 17. Bf4 Nf5 18. Bxf5 exf5 19. e6 Rxe6 20. Qxe6 Nxe6 21. Bxc7 Kxc7 22. a4 f4 23. Ra3 Kd6 24. Rb1 b6 25. a5 b5 26. a6 h6 27. Rd3 Rg5 28. Nc3 Nc7 29. Rf3 Ne6 30. Ne2 Rg4 31. Kf1 Rh4 32. Kg1 Rg4 33. g3 Ng5 34. Rxf4 Nh3+ 35. Kg2 Nxf4+ 36. Nxf4 Kc6 37. Re1 Kd6 38. Re5 Be6 39. Kf3 Rg8 40. Nxe6 fxe6 41. g4 Rc8 42. Re2 Rc4 43. Rd2 e5 44. dxe5+ Kxe5 45. Re2+ Kd6 46. Kg3 Rc6 47. f4 Rxa6 48. g5 hxg5 49. fxg5 Kd7 50. g6 Rc6 51. g7 Rc8 52. h6 Rg8 53. Kf4 a5 54. Kf5 a4 55. Kf6 1-0

[Event "Leiden SB-chA"]
[Site "Leiden"]
[Date "2014.05.20"]
[Round "2"]
[White "Van Briemen, Willem Jan"]
[Black "Van Wissen, Michiel"]
[Result "1/2-1/2"]
[WhiteElo "2016"]
[BlackElo "2248"]
[PlyCount "46"]
[EventDate "2014.05.13"]
[EventType "swiss"]
[EventRounds "7"]
[EventCountry "NED"]
[SourceTitle "EXT 2015"]
[Source "ChessBase"]
[SourceDate "2014.11.20"]
[SourceVersion "1"]
[SourceVersionDate "2014.11.20"]
[SourceQuality "1"]

1. d4 Nf6 2. Nf3 d5 3. c4 c6 4. Nc3 e6 5. Bg5 Nbd7 6. e3 Qa5 7. cxd5 exd5 8. Nd2 Bd6 9. Bd3 0-0 10. 0-0 Re8 11. Bh4 Qd8 12. Re1 Be7 13. Qc2 Nf8 14. f3 Ng6 15. Bf2 c5 16. dxc5 Bxc5 17. Nb3 Bb6 18. a4 a6 19. Rad1 Bd7 20. Bf5 Bc6 21. Nd4 Ne5 22. Re2 g6 23. Bh3 Qe7 1/2-1/2

[Event "Leiden SB-chA"]
[Site "Leiden"]
[Date "2014.05.13"]
[Round "1"]
[White "Van Wissen, Michiel"]
[Black "Sikkel, Dirk"]
[Result "1-0"]
[WhiteElo "2248"]
[BlackElo "1938"]
[PlyCount "67"]
[EventDate "2014.05.13"]
[EventType "swiss"]
[EventRounds "7"]
[EventCountry "NED"]
[SourceTitle "EXT 2015"]
[Source "ChessBase"]
[SourceDate "2014.11.20"]
[SourceVersion "1"]
[SourceVersionDate "2014.11.20"]
[SourceQuality "1"]

1. e4 g6 2. d4 Bg7 3. Nc3 d6 4. f4 a6 5. Nf3 b5 6. Bd3 Bb7 7. e5 Nd7 8. 0-0 e6 9. a4 b4 10. Ne4 Bxe4 11. Bxe4 d5 12. Bd3 a5 13. g4 h5 14. f5 hxg4 15. fxe6 gxf3 16. Qxf3 f5 17. Bb5 Qh4 18. Bxd7+ Kd8 19. Bf4 Ne7 20. Bc6 Rb8 21. Bxd5 g5 22. Bg3 Qxd4+ 23. Kh1 Ke8 24. Bc6+ Kf8 25. Rad1 Qc5 26. Be4 Kg8 27. Bxf5 Rf8 28. Qe4 Nxf5 29. Rxf5 Qe7 30. Rxf8+ Qxf8 31. Kg2 Qe7 32. Qf5 Rh6 33. Rd7 Qe8 34. e7 1-0

[Event "Leiden SB-ch"]
[Site "Leiden"]
[Date "2013.07.02"]
[Round "7"]
[White "Van Wissen, Michiel"]
[Black "Van 't Hof, Eric"]
[Result "1/2-1/2"]
[WhiteElo "2242"]
[BlackElo "2152"]
[PlyCount "103"]
[EventDate "2013.05.21"]
[EventType "swiss"]
[EventRounds "7"]
[EventCountry "NED"]
[SourceTitle "EXT 2014"]
[Source "ChessBase"]
[SourceDate "2013.11.20"]
[SourceVersion "1"]
[SourceVersionDate "2013.11.20"]
[SourceQuality "1"]

1. e4 e5 2. Nf3 Nc6 3. d4 exd4 4. Nxd4 Nf6 5. Nxc6 bxc6 6. e5 Qe7 7. Qe2 Nd5 8. Nd2 a5 9. c4 Nb6 10. b3 a4 11. Bb2 axb3 12. axb3 Rxa1+ 13. Bxa1 Qa3 14. Qd1 Bb4 15. Bd3 Qa2 16. Ke2 0-0 17. Qc2 Qxc2 18. Bxc2 d5 19. exd6 Re8+ 20. Kd1 cxd6 21. Re1 Be6 22. Re2 Ra8 23. Bd4 c5 24. Bb2 d5 25. cxd5 Nxd5 26. Kc1 Nb6 27. Ne4 h6 28. Re3 Kf8 29. Rg3 f6 30. Nd6 Ra7 31. Nf5 Rc7 32. Bc3 Nd5 33. Bxb4 Nxb4 34. Ne3 c4 35. bxc4 Bxc4 36. Kd2 Be6 37. Rf3 Rd7+ 38. Kc3 Na2+ 39. Kb2 Rb7+ 40. Ka3 Nc3 41. Rf4 Nb5+ 42. Ka4 Nc3+ 43. Ka3 Nb5+ 44. Ka4 Bd7 45. Ka5 Nc3 46. Rc4 Na2 47. Be4 Rb5+ 48. Ka6 Rb2 49. Rc7 Ke8 50. Bf5 Nb4+ 51. Ka5 Nc6+ 52. Ka4 1/2-1/2

[Event "Leiden SB-ch"]
[Site "Leiden"]
[Date "2012.06.26"]
[Round "7"]
[White "Van Wissen, Michiel"]
[Black "Wantola, Ivo"]
[Result "1/2-1/2"]
[WhiteElo "2242"]
[BlackElo "2365"]
[PlyCount "26"]
[EventDate "2012.05.15"]
[EventType "swiss"]
[EventRounds "7"]
[EventCountry "NED"]
[SourceTitle "EXT 2018"]
[Source "ChessBase"]
[SourceDate "2017.10.13"]
[SourceVersion "1"]
[SourceVersionDate "2017.10.13"]
[SourceQuality "1"]

1. e4 c5 2. Nf3 g6 3. d4 cxd4 4. Nxd4 Bg7 5. Nc3 Nc6 6. Be3 d6 7. Qd2 Nf6 8. f3 0-0 9. g4 Nd7 10. 0-0-0 Nde5 11. Be2 Nxd4 12. Bxd4 Qa5 13. Kb1 Nc6 1/2-1/2

[Event "NED-chT 1112"]
[Site "Netherlands"]
[Date "2012.03.10"]
[Round "7.10"]
[White "Van Wissen, Michiel"]
[Black "Houtman, Joop"]
[Result "0-1"]
[WhiteElo "2252"]
[BlackElo "2212"]
[PlyCount "80"]
[EventDate "2011.09.17"]
[EventType "team-tourn"]
[EventRounds "9"]
[EventCountry "NED"]
[SourceTitle "EXT 2013"]
[Source "ChessBase"]
[SourceDate "2012.11.22"]
[SourceVersion "1"]
[SourceVersionDate "2012.11.22"]
[SourceQuality "1"]
[WhiteTeam "Leiden LSG"]
[BlackTeam "Groningen"]
[WhiteTeamCountry "NED"]
[BlackTeamCountry "NED"]

1. e4 e5 2. Nf3 Nc6 3. Bb5 a6 4. Ba4 Nf6 5. 0-0 Be7 6. Re1 b5 7. Bb3 d6 8. c3 0-0 9. h3 Bb7 10. d4 Re8 11. Nbd2 Bf8 12. a4 h6 13. Bc2 g6 14. d5 Ne7 15. c4 c6 16. b3 Kh7 17. Ba3 Neg8 18. Bd3 Qd7 19. Qe2 bxa4 20. bxa4 Nh5 21. Qe3 Nf4 22. dxc6 Bxc6 23. Bc2 Rab8 24. Kh2 Nf6 25. c5 Ng4+ 26. hxg4 Qxg4 27. Rg1 Bd7 28. Qe1 Be7 29. Bd1 Qh5+ 30. Kg3 Bh4+ 31. Nxh4 Qg5+ 32. Kf3 Bg4+ 33. Ke3 Nxg2+ 34. Kd3 Nxe1+ 35. Kc3 Qxh4 36. Bxg4 Qxf2 37. Rgxe1 dxc5 38. Be2 Red8 39. Nc4 Qg3+ 40. Kc2 Qb3+ 0-1

[Event "Leiden SB-ch"]
[Site "Leiden"]
[Date "2011.06.15"]
[Round "5"]
[White "Van Wissen, Michiel"]
[Black "Oei, Hway Ik"]
[Result "1-0"]
[WhiteElo "2244"]
[BlackElo "2095"]
[PlyCount "75"]
[EventDate "2011.05.17"]
[EventType "swiss"]
[EventRounds "7"]
[EventCountry "NED"]
[SourceTitle "EXT 2012"]
[Source "ChessBase"]
[SourceDate "2011.11.24"]
[SourceVersion "1"]
[SourceVersionDate "2011.11.24"]
[SourceQuality "1"]

1. e4 c6 2. Ne2 d5 3. e5 d4 4. b4 Qd5 5. Bb2 c5 6. f4 Nc6 7. c4 Qd8 8. b5 Na5 9. Ng3 b6 10. Bd3 Bb7 11. e6 fxe6 12. Qh5+ Kd7 13. 0-0 Nf6 14. Qe2 Qc7 15. f5 exf5 16. Bxf5+ Kd8 17. Be6 g6 18. Nc3 Qd6 19. Nd5 Nxd5 20. cxd5 Bxd5 21. Bxd5 Qxd5 22. Rae1 Qd7 23. Qe5 Rg8 24. Rf7 Rc8 25. Qf4 Qe8 26. Rxh7 Bg7 27. d3 Nb7 28. Ne4 Rf8 29. Qg4 Qf7 30. Bc1 Nd6 31. Rxg7 Qxg7 32. Nxd6 Rc7 33. Bg5 Rd7 34. Rxe7 Qxe7 35. Bxe7+ Kxe7 36. Ne4 Rd5 37. Qxg6 Rdf5 38. h4 1-0

[Event "Leiden SB-ch"]
[Site "Leiden"]
[Date "2011.05.24"]
[Round "2"]
[White "Van de Peut, Aart A"]
[Black "Van Wissen, Michiel"]
[Result "1/2-1/2"]
[WhiteElo "1925"]
[BlackElo "2244"]
[PlyCount "111"]
[EventDate "2011.05.17"]
[EventType "swiss"]
[EventRounds "7"]
[EventCountry "NED"]
[SourceTitle "EXT 2012"]
[Source "ChessBase"]
[SourceDate "2011.11.24"]
[SourceVersion "1"]
[SourceVersionDate "2011.11.24"]
[SourceQuality "1"]

1. e4 c5 2. Nc3 Nc6 3. g3 g6 4. Bg2 Bg7 5. d3 d6 6. Be3 e5 7. Nh3 Nge7 8. 0-0 Nd4 9. f4 0-0 10. Qd2 f6 11. Nd1 Be6 12. c3 Qd7 13. Nhf2 Ndc6 14. h3 b6 15. g4 exf4 16. Bxf4 d5 17. Bh2 Rad8 18. Qe2 Ne5 19. Ne3 d4 20. Nc2 dxc3 21. Bxe5 fxe5 22. bxc3 c4 23. dxc4 Qd2 24. Qxd2 Rxd2 25. Ne3 Bh6 26. Nfd1 Nc6 27. Nd5 Na5 28. Rxf8+ Bxf8 29. Bf1 Bc5+ 30. Kh1 Nb7 31. N1e3 Nd6 32. Bg2 Re2 33. Nf6+ Kg7 34. Ned5 Bxd5 35. Nxd5 Nxe4 36. Kh2 Nd2 37. Kh1 e4 38. Rd1 Rf2 39. Re1 Nxc4 40. Rxe4 b5 41. Nc7 Bb6 42. Nxb5 Ne3 43. Nd6 Rxa2 44. g5 Nf5 45. Nxf5+ gxf5 46. Re7+ Kg6 47. Bd5 Ra1+ 48. Kg2 Bd8 49. Re2 Bxg5 50. Ra2 Rd1 51. Ra6+ Bf6 52. c4 Rd2+ 53. Kg3 Rd3+ 54. Kg2 Rd2+ 55. Kg3 Rd3+ 56. Kg2 1/2-1/2

[Event "NED-chT 0708"]
[Site "Netherlands"]
[Date "2008.03.29"]
[Round "8.8"]
[White "Burg, Twan"]
[Black "Van Wissen, Michiel"]
[Result "1-0"]
[WhiteElo "2301"]
[BlackElo "2313"]
[PlyCount "149"]
[EventDate "2007.09.15"]
[EventType "team-tourn"]
[EventRounds "9"]
[EventCountry "NED"]
[SourceTitle "EXT 2009"]
[Source "ChessBase"]
[SourceDate "2008.11.26"]
[SourceVersion "1"]
[SourceVersionDate "2008.11.26"]
[SourceQuality "1"]
[WhiteTeam "Calder HMC"]
[BlackTeam "Leiden LSG II"]
[WhiteTeamCountry "NED"]
[BlackTeamCountry "NED"]

1. e4 e6 2. d4 d5 3. Nd2 Be7 4. Ngf3 Nf6 5. e5 Nfd7 6. c4 c5 7. cxd5 exd5 8. Qb3 Nc6 9. Qxd5 cxd4 10. Bb5 Nb4 11. Qe4 Qb6 12. Bxd7+ Bxd7 13. a3 Qa6 14. axb4 Qxa1 15. 0-0 Rc8 16. Nb3 Qa4 17. Nbxd4 Qxb4 18. Bd2 Qb6 19. h4 0-0 20. h5 Bc6 21. Qg4 Bxf3 22. Nxf3 Qe6 23. Qe4 Qc6 24. Qg4 Qc4 25. Nd4 f5 26. Qf4 Bc5 27. Bc3 Bxd4 28. Bxd4 Rcd8 29. Rd1 Rd7 30. h6 Rfd8 31. Qg5 Qe6 32. Qe3 Qxh6 33. Qb3+ Kh8 34. Qc4 Qc6 35. Qb4 Qe4 36. f3 Qf4 37. e6 Rxd4 38. Rxd4 Qe3+ 39. Kf1 Rc8 40. Qd6 h6 41. Rd1 Kg8 42. Re1 Rc1 43. Rxc1 Qxc1+ 44. Ke2 Qxb2+ 45. Kd3 Qb3+ 46. Kd4 Qb2+ 47. Kc5 Qa3+ 48. Kd5 Qa5+ 49. Kd4 Qa1+ 50. Ke3 Qg1+ 51. Kf4 Qxg2 52. Qd8+ Kh7 53. e7 Qh2+ 54. Kxf5 Qc2+ 55. Ke6 Qg6+ 56. Ke5 Qf6+ 57. Ke4 Qe6+ 58. Kd3 Qf5+ 59. Kc3 Qe5+ 60. Kd2 Qf4+ 61. Ke2 Qe5+ 62. Kf1 Qb5+ 63. Ke1 Qe5+ 64. Kd1 Qa1+ 65. Kc2 Qa2+ 66. Kc3 Qa1+ 67. Kd3 Qb1+ 68. Kd4 Qb4+ 69. Ke5 Qc5+ 70. Ke6 Qc6+ 71. Qd6 Qc8+ 72. Qd7 Qc4+ 73. Qd5 Qc8+ 74. Kd6 Qb8+ 75. Kd7 1-0

[Event "NRW Class1 0708"]
[Site "Germany"]
[Date "2007.12.09"]
[Round "4.2"]
[White "Van Wissen, Michiel"]
[Black "Rieke, Theo"]
[Result "1-0"]
[WhiteElo "2313"]
[BlackElo "2208"]
[PlyCount "85"]
[EventDate "2007.09.16"]
[EventType "team"]
[EventRounds "9"]
[EventCountry "GER"]
[SourceTitle "EXT 2009"]
[Source "ChessBase"]
[SourceDate "2008.11.26"]
[SourceVersion "1"]
[SourceVersionDate "2008.11.26"]
[SourceQuality "1"]
[WhiteTeam "Castrop Rauxel"]
[BlackTeam "Neuenkirchen"]
[WhiteTeamCountry "GER"]
[BlackTeamCountry "GER"]

1. e4 e5 2. Nf3 Nc6 3. Bb5 a6 4. Ba4 Nf6 5. 0-0 Be7 6. Re1 b5 7. Bb3 0-0 8. h3 Bb7 9. d3 d6 10. a3 h6 11. Nbd2 Re8 12. Nf1 Bf8 13. Ne3 Bc8 14. Nd5 Be6 15. Bd2 Nd7 16. c4 Nc5 17. Bc2 Nb7 18. Bc3 Ne7 19. d4 f6 20. cxb5 axb5 21. Bb3 Ng6 22. Rc1 c6 23. Nb4 c5 24. Bxe6+ Rxe6 25. Qb3 c4 26. Qd1 Re8 27. Nd5 Ne7 28. Nxe7+ Bxe7 29. Nh4 Qd7 30. dxe5 fxe5 31. Qd5+ Kh7 32. Qf7 Rf8 33. Qg6+ Kh8 34. Nf5 Bg5 35. Rcd1 Rf6 36. Qh5 g6 37. Qf3 gxf5 38. Bxe5 Qf7 39. Bxf6+ Bxf6 40. Qxf5 Rf8 41. Rd5 Bxb2 42. Rxb5 Qg7 43. Rxb7 1-0

[Event "NED-chT 0708"]
[Site "Netherlands"]
[Date "2007.11.03"]
[Round "3.4"]
[White "Van Wissen, Michiel"]
[Black "Fiebig, Thomas"]
[Result "0-1"]
[WhiteElo "2313"]
[BlackElo "2375"]
[PlyCount "72"]
[EventDate "2007.09.15"]
[EventType "team-tourn"]
[EventRounds "9"]
[EventCountry "NED"]
[SourceTitle "EXT 2008"]
[Source "ChessBase"]
[SourceDate "2007.11.25"]
[SourceVersion "1"]
[SourceVersionDate "2007.11.25"]
[SourceQuality "1"]
[WhiteTeam "Leiden LSG II"]
[BlackTeam "Enschede ESGOO"]
[WhiteTeamCountry "NED"]
[BlackTeamCountry "NED"]

1. e4 e6 2. d4 d5 3. Nc3 Nf6 4. e5 Nfd7 5. f4 c5 6. Nf3 Nc6 7. Be3 Rb8 8. Qd2 Qa5 9. Be2 b5 10. 0-0 b4 11. Nd1 cxd4 12. Nxd4 Nxd4 13. Bxd4 Bc5 14. Ne3 Ba6 15. Bxa6 Qxa6 16. f5 Qb6 17. Bxc5 Qxc5 18. fxe6 fxe6 19. Kh1 Rf8 20. Qe2 Ke7 21. Qg4 Rxf1+ 22. Nxf1 Kf7 23. Ng3 Qe7 24. Nh5 Kg8 25. Re1 Nf8 26. Nf4 Rb6 27. h4 Rc6 28. Re2 Rc4 29. g3 Qf7 30. Kh2 Ng6 31. Qxe6 Rxf4 32. Qc8+ Qf8 33. Qe6+ Rf7 34. h5 Qe7 35. Qxd5 Nf8 36. e6 Rf6 0-1

[Event "NRW Class1 0506"]
[Site "Germany"]
[Date "2006.02.12"]
[Round "6.1"]
[White "Van Wissen, Michiel"]
[Black "Gulbas, Cemil"]
[Result "1-0"]
[WhiteElo "2292"]
[BlackElo "2399"]
[PlyCount "93"]
[EventDate "2005.09.25"]
[EventType "team"]
[EventRounds "9"]
[EventCountry "GER"]
[SourceTitle "EXT 2006"]
[Source "ChessBase"]
[SourceDate "2005.11.24"]
[SourceVersion "1"]
[SourceVersionDate "2005.11.24"]
[SourceQuality "1"]
[WhiteTeam "Castrop Rauxel"]
[BlackTeam "Koeln Brueck"]
[WhiteTeamCountry "GER"]
[BlackTeamCountry "GER"]

1. e4 d6 2. d4 Nf6 3. Nc3 g6 4. f4 Bg7 5. Nf3 0-0 6. a3 Na6 7. Be2 c5 8. d5 Nc7 9. a4 a6 10. 0-0 b6 11. Qe1 Bd7 12. Qh4 b5 13. f5 bxa4 14. Bh6 Nce8 15. Ng5 Qb6 16. Rf3 Qb4 17. Rh3 Qd4+ 18. Kh1 Bxf5 19. exf5 Qxh4 20. Rxh4 Bxh6 21. Rxh6 Rb8 22. fxg6 hxg6 23. Ra2 Rb4 24. Rxa4 Rxb2 25. h3 Rxc2 26. Rc4 Ng7 27. Bd3 Rd2 28. Rch4 Ngh5 29. Bxg6 fxg6 30. Rxg6+ Ng7 31. Ne6 Rf7 32. Ra4 Rd3 33. Ne4 Nxe4 34. Rxe4 Kh7 35. Rg5 Nf5 36. Rf4 Ng3+ 37. Rxg3 Rxf4 38. Rxd3 Rf5 39. Kh2 c4 40. Rd4 c3 41. Rc4 Rxd5 42. Rxc3 a5 43. Nc7 Rc5 44. Rxc5 dxc5 45. Kg3 a4 46. Nb5 c4 47. Kf3 1-0

[Event "NRW Class1 0506"]
[Site "Germany"]
[Date "2005.09.25"]
[Round "1.1"]
[White "Lytchak, Alexander"]
[Black "Van Wissen, Michiel"]
[Result "1/2-1/2"]
[WhiteElo "2440"]
[BlackElo "2292"]
[PlyCount "72"]
[EventDate "2005.09.25"]
[EventType "team"]
[EventRounds "9"]
[EventCountry "GER"]
[SourceTitle "EXT 2006"]
[Source "ChessBase"]
[SourceDate "2005.11.24"]
[SourceVersion "1"]
[SourceVersionDate "2005.11.24"]
[SourceQuality "1"]
[WhiteTeam "Muelheim Nord II"]
[BlackTeam "Castrop Rauxel"]
[WhiteTeamCountry "GER"]
[BlackTeamCountry "GER"]

1. Nf3 d5 2. d4 c6 3. c4 e6 4. Qc2 Nf6 5. g3 dxc4 6. Qxc4 b5 7. Qc2 Bb7 8. Bg2 Qb6 9. a4 a6 10. 0-0 Nbd7 11. Be3 Nd5 12. Bd2 c5 13. axb5 axb5 14. Rxa8+ Bxa8 15. e4 N5f6 16. Nc3 Be7 17. e5 Nd5 18. Ne4 0-0 19. Nfg5 g6 20. dxc5 Nxc5 21. h4 Nxe4 22. Qxe4 Nc3 23. Qd3 Bxg2 24. Kxg2 Qb7+ 25. Qf3 Qxf3+ 26. Kxf3 Na4 27. b3 Nc5 28. Bb4 Re8 29. Bxc5 Bxc5 30. Ne4 Be7 31. Ra1 Rd8 32. Ra7 Bf8 33. Ke2 h5 34. Rb7 Rd4 35. f3 Rd5 36. Nc3 Rxe5+ 1/2-1/2

[Event "Utrecht OKU op"]
[Site "Utrecht"]
[Date "2005.06.12"]
[Round "5"]
[White "Van Wissen, Michiel"]
[Black "L'Ami, Erwin"]
[Result "0-1"]
[WhiteElo "2330"]
[BlackElo "2531"]
[PlyCount "62"]
[EventDate "2005.06.10"]
[EventType "swiss"]
[EventRounds "6"]
[EventCountry "NED"]
[SourceTitle "CBM 106 Extra"]
[Source "ChessBase"]
[SourceDate "2005.07.01"]
[SourceVersion "1"]
[SourceVersionDate "2005.07.01"]
[SourceQuality "1"]

1. e4 e6 2. d4 d5 3. Nc3 Bb4 4. e5 c5 5. a3 Bxc3+ 6. bxc3 Ne7 7. Qg4 0-0 8. Bd3 Nbc6 9. Nf3 f5 10. exf6 Rxf6 11. Qh5 h6 12. Ne5 c4 13. Ng4 cxd3 14. Nxf6+ gxf6 15. cxd3 e5 16. 0-0 Bf5 17. dxe5 Nxe5 18. d4 Nf7 19. Bxh6 Bg6 20. Qh3 Qc8 21. Qxc8+ Rxc8 22. Rfe1 Nf5 23. Bd2 N7d6 24. f3 Nc4 25. Bf4 Kf7 26. Rab1 b6 27. Rb5 Ne7 28. a4 a6 29. Rb4 Nc6 30. Rxc4 dxc4 31. Re2 Ne7 0-1

[Event "Hoogeveen Essent op"]
[Site "Hoogeveen"]
[Date "2004.10.20"]
[Round "6"]
[White "Van Wissen, Michiel"]
[Black "Erenburg, Sergey"]
[Result "1/2-1/2"]
[WhiteElo "2297"]
[BlackElo "2537"]
[PlyCount "157"]
[EventDate "2004.10.15"]
[EventType "swiss"]
[EventRounds "9"]
[EventCountry "NED"]
[SourceTitle "CBM 102 Extra"]
[Source "ChessBase"]
[SourceDate "2004.11.03"]
[SourceVersion "1"]
[SourceVersionDate "2004.11.03"]
[SourceQuality "1"]

1. e4 c6 2. d4 d5 3. e5 Bf5 4. Nf3 e6 5. Be2 c5 6. Be3 cxd4 7. Nxd4 Ne7 8. Nc3 a6 9. g4 Bg6 10. f4 Nbc6 11. 0-0 Nxd4 12. Bxd4 Qd7 13. Bf3 Nc6 14. f5 exf5 15. Nxd5 fxg4 16. Bg2 Be7 17. c3 Rd8 18. Bb6 Rc8 19. Qd2 Nxe5 20. Rad1 f6 21. Rfe1 Qd6 22. b4 0-0 23. Bc5 Rxc5 24. bxc5 Qxc5+ 25. Qd4 Re8 26. Kh1 Bf8 27. Qxc5 Bxc5 28. Nc7 Rc8 29. Ne6 Nf3 30. Re2 Bf8 31. h3 h5 32. Rd7 Bf5 33. Nxf8 Kxf8 34. Rxb7 Rxc3 35. Rb8+ Kf7 36. Rb7+ Kg6 37. Bxf3 gxf3 38. Rf2 Rc1+ 39. Kh2 Be4 40. Rb6 a5 41. Rb5 a4 42. Rb4 Bc6 43. Rbb2 Be4 44. Kg3 Rc4 45. Rfd2 Bf5 46. Rh2 h4+ 47. Kxf3 Rc3+ 48. Kf2 Bxh3 49. Rb4 Ra3 50. Rxh4 Rxa2+ 51. Kg3 Rxh2 52. Kxh2 Bd7 53. Rd4 Be8 54. Rd8 Bf7 55. Ra8 Bb3 56. Ra5 f5 57. Kg3 Kf6 58. Ra6+ Kg5 59. Ra5 g6 60. Rb5 Bc2 61. Rc5 Bd1 62. Rd5 Bb3 63. Rb5 Kf6 64. Rb6+ Ke5 65. Rxg6 a3 66. Ra6 a2 67. Kf2 Ke4 68. Ra3 f4 69. Ke2 Bc4+ 70. Kf2 Bd5 71. Ra4+ Ke5 72. Ra3 Bb3 73. Kf3 Bd5+ 74. Kf2 Kd6 75. Ra6+ Ke5 76. Ra3 Kf5 77. Ra5 Ke4 78. Ra4+ Kd3 79. Rxa2 1/2-1/2